| 000 | 00907nam a22002537a 4500 | ||
|---|---|---|---|
| 005 | 20110816102255.0 | ||
| 008 | 110816t xxu||||| |||| 00| 0 eng d | ||
| 010 | _aENG-103298 | ||
| 020 |
_a9788172085438(set) _c71.00 |
||
| 020 |
_a9788172088538 (v.42) _c71.00 |
||
| 035 | _aEN-86831 | ||
| 037 | _bDBAD/PUB | ||
| 040 |
_aDPL _bEnglish |
||
| 082 | _a230.35 | ||
| 100 | _932824 | ||
| 245 | _aSathya Sai Speaks | ||
| 260 |
_aPrasanthi Nilayam _bSri Sathya Sai Sadhana Trust _c2010 |
||
| 270 |
_aSri Sathya Sai Sadhana Trust _bPrasanthi Nilayam _e515134 |
||
| 300 |
_av.42(229p.) _c21cm (pbk) |
||
| 505 | _aV.42- Discourses of Bhagawan Sri Sathya Sai Baba delivered during 2009 | ||
| 700 | _932825 | ||
| 942 |
_2ddc _cEN _h230.35 _mSAT |
||
| 999 |
_c55381 _d55381 |
||